000 00307nam a22001457a 4500
008 210528b ||||| |||| 00| 0 eng d
020 _a2230102
041 _aeng
080 _a91
082 _a91
100 _a42
101 _aGJEO
245 _aGreat World Atlas
_cThomas A. Ranieri
942 _2udc
_cBK
999 _c57768
_d57768